PLANT resources of South-East Asia no. 5 (3) : Timber trees: lesser-known timbers

Bibliographic Details
Other Authors: Hong, Prawirohatmodjo, Sosef
Format: Book
Published: Bogor, Indonesia : PROSEA , 1998
Subjects:

MARC

LEADER 00000cam a2200000 7i4500
001 0000001813
005 20020124.0
020 0 0 |a 9798316193 
090 0 0 |a R580   |b PLA 1998 
245 0 0 |a PLANT resources of South-East Asia no. 5 (3) :   |b Timber trees: lesser-known timbers   |c M. S. M. Sosef, L T. Hong and S. Prawirohatmodjo (editors) 
260 0 0 |a Bogor, Indonesia :   |b PROSEA ,   |c 1998 
300 |a 859 p. :   |b ill. ;   |c 26 cm. 
500 0 0 |a Bibliography: p. 663-734 
650 0 0 |a Timber   |z Asia, Southeastern 
700 0 1 |a Hong   |h L. T. 
700 0 1 |a Prawirohatmodjo   |h S. 
700 0 1 |a Sosef   |h M. S. M. 
998 |a JPSM 
999 |a 0000002858   |b Monograph   |c Reference   |e Default branch